La 'Nueva' organización del desgobierno / Alejandro Nieto
ISBN:
84-344-1164-4
Descripción Física:
240 p. ; 21 cm
Colección:
Ariel ; 166
MARC
| LEADER | 00000nam a2200000Ia 4500 | ||
|---|---|---|---|
| 001 | 18757 | ||
| 008 | 160829s1996 xx 000 0 cat d | ||
| 020 | |a 84-344-1164-4 | ||
| 080 | |a M-5-384 | ||
| 100 | |a Nieto, Alejandro |9 23459 | ||
| 245 | |a La 'Nueva' organización del desgobierno / Alejandro Nieto | ||
| 260 | |a Barcelona : |b Ariel, |c 1996 | ||
| 300 | |a 240 p. ; |c 21 cm | ||
| 490 | |a Ariel ; 166 | ||
| 610 | 0 | |a Espanya. |x Política i govern |9 9716 | |
| 650 | 0 | |a Administració pública |z Espanya |9 19075 | |
| 901 | |a Arxiu | ||
| 942 | |n 1 | ||
| 952 | |0 0 |1 0 |4 0 |6 M5384 |7 1 |9 52114 |a Arxiu |b Arxiu |d 2016-12-01 |l 0 |o M-5-384 |p 18757 |r 2016-12-01 00:00:00 |w 2016-12-01 |y ARXIU | ||
| 999 | |c 55962 |d 55962 | ||